UBT Library

Dermatology Secrets in Color (Record no. 53315)

000 -LEADER
fixed length control field 00307nam a22001337a 4500
008 - FIXED-LENGTH DATA ELEMENTS--GENERAL INFORMATION
fixed length control field 181217b xxu||||| |||| 00| 0 eng d
020 ## - INTERNATIONAL STANDARD BOOK NUMBER
International Standard Book Number 1560534028
041 ## - LANGUAGE CODE
Language code of text/sound track or separate title eng
080 ## - UNIVERSAL DECIMAL CLASSIFICATION NUMBER
Edition identifier 2nd
Universal Decimal Classification number 616.5
100 ## - Rafti
Rafti 7
101 ## - Shkurtesa
Shkurtesa DER
245 ## - TITLE STATEMENT
Title Dermatology Secrets in Color
Statement of responsibility, etc Fitzpatrick, J.E
942 ## - ADDED ENTRY ELEMENTS (KOHA)
Source of classification or shelving scheme
Item type Books
Holdings
Withdrawn status Lost status Source of classification or shelving scheme Damaged status Not for loan Collection code Permanent location Current location Shelving location Date acquired Total Checkouts Full call number Barcode Date last seen Price effective from Koha item type
          Koleksioni i përgjithshem UBT - Lipjan UBT - Lipjan Koleksioni i përgjithshem 12/17/2018   616.5 FIT 002-3018795 12/17/2018 12/17/2018 Books
UBT Library © 2015-2024. All rights reserved University Education for Business and Technology